000 01502cam a22001934a 4500
005 20250605164108.0
008 250528s ||||||||||||||||||||||||d
035 _a17817
020 _a9789603482260
040 _aGR-AtMCL
_bgre
_dGR-AtMCL
_eAACR2
245 1 _aΕπιτήρηση και Τιμωρία / Η Γέννηση της Φυλακής
260 _bΠλέθρον,
_c2011
300 _a360
520 _aΗ φυλακή πρέπει να συσχετιστεί με τη διαμόρφωση αυτής της κοινωνίας της επιτήρησης. Βασανιστήριο, Το Σώμα των Καταδίκων, Η Λαμπρότητα των Βασανιστηρίων, Τιμωρία, Η Γενικευμένη Τιμωρία, Η Ηπιότητα των Ποινών, Πεθαρχία, Τα Πειθήνια Σώματα, Η Τέχνη της Κατανομής, Ο Έλεγχος της Δραστηριότητας, Η Οργάνωση των Γενέσεων, Η Σύνθεση των Δυνάμεων, Τα Μέσα της Ορθής Εκγύμνασης, Η Ιεραρχησή Επιτήρηση, Η Κανονικοποιητική Κύρωση, Η Εξέταση, Ο Πανοπτισμός, Φυλακή, Ολοκληρωμένα και Αυστηρά Ιδρύματα, Εκνομίες και Εγκληματικότητα, Το Σωφρονιστικό Σύστημα.
700 1 _aFoucault Michel
_9674
942 _cBK
999 _c3217
_d3217